000 00544 a2200241 4500
260 _aLyon
630 _a57 - Biologie
037 _b3, Achat
650 _a5 - SCIENCES EXACTES ET NATURELLES
100 _aLouisot, Pierre
260 _bSimep Editions
245 _aCours de biochimie structurale : 4. Lipides et dérivés isopréniques
300 _a93 p.
650 _aBiochimie
260 _c1969
300 _b26cm
100 _lFr
037 _a6283
037 _a14179
037 _aS 14181
999 _c41596
_d41596